[Event "Carnaval"]
[Site "Quebec CAN"]
[Date "2007.02.25"]
[Round "4"]
[White "Palmer, Jordan"]
[Black "Laflamme, Simon"]
[Result "1-0"]
[WhiteElo "1852"]
[BlackElo "1938"]
[PlyCount "95"]
[GameId "2160767910718299"]
[EventDate "2007.02.23"]
[EventType "swiss"]
[EventRounds "5"]
[EventCountry "CAN"]
[SourceTitle "EXT 2022"]
[Source "ChessBase"]
[SourceDate "2021.10.06"]
[SourceVersion "1"]
[SourceVersionDate "2021.10.06"]
[SourceQuality "1"]

1. e4 c5 2. Nf3 d6 3. d4 cxd4 4. Nxd4 Nf6 5. Bd3 Nc6 6. Nxc6 bxc6 7. O-O g6 8. Nc3 Bg7 9. Bg5 O-O 10. Qd2 Rb8 11. Rab1 Qc7 12. f4 Bb7 13. Kh1 c5 14. Qe2 e6 15. Nb5 Qd7 16. e5 Ne8 17. Rbd1 d5 18. Qf2 a6 19. Nc3 Qc7 20. Rde1 c4 21. Be2 Qd7 22. Rd1 Qc7 23. Rde1 Qd7 24. Qh4 f6 25. exf6 Nxf6 26. Rd1 Qc6 27. Bf3 Qb6 28. b3 cxb3 29. cxb3 Rbc8 30. Na4 Qd6 31. Rfe1 Kh8 32. Nb2 Qb6 33. Na4 Qd6 34. Rd2 Rc7 35. Nb2 Qb4 36. Rde2 Ne4 37. Nd3 Qd6 38. Bh6 Bf6 39. Bxf8 Qxf8 40. Qh3 Nc3 41. Rxe6 Bc8 42. Re8 Bxh3 43. Rxf8+ Kg7 44. Rxf6 Bxg2+ 45. Kxg2 Kxf6 46. Nb4 d4 47. Nxa6 Rd7 48. Nc5 1-0

[Event "Carnaval"]
[Site "Quebec CAN"]
[Date "2007.02.25"]
[Round "4"]
[White "Sauve, Richard"]
[Black "Tremblay, Yves"]
[Result "0-1"]
[WhiteElo "2022"]
[BlackElo "1877"]
[PlyCount "64"]
[GameId "2160767910718300"]
[EventDate "2007.02.23"]
[EventType "swiss"]
[EventRounds "5"]
[EventCountry "CAN"]
[SourceTitle "EXT 2022"]
[Source "ChessBase"]
[SourceDate "2021.10.06"]
[SourceVersion "1"]
[SourceVersionDate "2021.10.06"]
[SourceQuality "1"]

1. d4 Nf6 2. c4 g6 3. Nc3 Bg7 4. e4 d6 5. f3 O-O 6. Be3 Nbd7 7. Qd2 e5 8. Nge2 exd4 9. Nxd4 Re8 10. O-O-O a5 11. g4 Ne5 12. Be2 Be6 13. Nxe6 fxe6 14. g5 Nfd7 15. f4 Nc6 16. e5 Nc5 17. exd6 cxd6 18. Qxd6 Qxd6 19. Rxd6 Bxc3 20. bxc3 Ne4 21. Rd7 Nxc3 22. Bf3 Nxa2+ 23. Kb2 Nab4 24. Rhd1 a4 25. Rxb7 a3+ 26. Kc3 a2 27. Ra1 Ra3+ 28. Kd2 Rd8+ 29. Ke2 Rxe3+ 30. Kxe3 Nc2+ 31. Kf2 Nxa1 32. Rb2 Nb4 0-1

[Event "Carnaval"]
[Site "Quebec CAN"]
[Date "2007.02.25"]
[Round "5"]
[White "Auger, Bertrand"]
[Black "Caire, Francois"]
[Result "0-1"]
[WhiteElo "1987"]
[BlackElo "2225"]
[PlyCount "62"]
[GameId "2160767910718301"]
[EventDate "2007.02.23"]
[EventType "swiss"]
[EventRounds "5"]
[EventCountry "CAN"]
[SourceTitle "EXT 2022"]
[Source "ChessBase"]
[SourceDate "2021.10.06"]
[SourceVersion "1"]
[SourceVersionDate "2021.10.06"]
[SourceQuality "1"]

1. Nf3 Nf6 2. g3 g6 3. b4 Bg7 4. Bb2 O-O 5. Bg2 d6 6. O-O e5 7. d3 Nh5 8. e4 f5 9. c4 fxe4 10. dxe4 Be6 11. Qd3 Nd7 12. Nbd2 Qe7 13. c5 dxc5 14. bxc5 Nxc5 15. Qa3 Qd6 16. Rfd1 Rad8 17. Nf1 Qb6 18. Nxe5 Rxd1 19. Rxd1 Rxf2 20. Bd4 Rxa2 21. Bxc5 Bxe5 22. Rd8+ Kg7 23. Qe3 Qb2 24. Bf8+ Kf7 25. Qf3+ Nf6 26. h3 Bc4 27. Bc5 Bxf1 28. Qxf1 Ra1 29. Rd1 Rxd1 30. Qxd1 b6 31. Bf2 Qa1 0-1

[Event "Carnaval"]
[Site "Quebec CAN"]
[Date "2007.02.25"]
[Round "5"]
[White "Palmer, Jordan"]
[Black "Audet-Bouchard, Nicolas"]
[Result "1/2-1/2"]
[WhiteElo "1852"]
[BlackElo "2242"]
[PlyCount "140"]
[GameId "2160767910718303"]
[EventDate "2007.02.23"]
[EventType "swiss"]
[EventRounds "5"]
[EventCountry "CAN"]
[SourceTitle "EXT 2022"]
[Source "ChessBase"]
[SourceDate "2021.10.06"]
[SourceVersion "1"]
[SourceVersionDate "2021.10.06"]
[SourceQuality "1"]

1. e4 c5 2. Nf3 Nc6 3. d4 cxd4 4. Nxd4 Nf6 5. Nc3 d6 6. Be2 g6 7. O-O Bg7 8. Be3 O-O 9. h3 a5 10. Qd2 a4 11. a3 Bd7 12. Rad1 Qc8 13. Kh2 Ne5 14. Bh6 Nc4 15. Bxc4 Qxc4 16. Bxg7 Kxg7 17. f4 Bc6 18. Nxc6 bxc6 19. e5 dxe5 20. fxe5 Nd5 21. Nxd5 cxd5 22. Qxd5 Qxc2 23. Rd2 Qc7 24. Rxf7+ Rxf7 25. Qxa8 Qxe5+ 26. g3 Qe3 27. Qg2 e5 28. Re2 Qd4 29. Qg1 Rd7 30. Qxd4 exd4 31. Kg2 Kf6 32. Kf3 Kf5 33. g4+ Kf6 34. h4 g5 35. hxg5+ Kxg5 36. Re5+ Kf6 37. Rf5+ Kg6 38. Ke2 d3+ 39. Kd2 Rd4 40. Rf2 Kg5 41. Rf7 h6 42. Rg7+ Kf6 43. Rg8 Kf7 44. Rh8 Kg7 45. Re8 Rxg4 46. Kxd3 h5 47. Re1 h4 48. Kc3 Kg6 49. Rh1 Kg5 50. b3 Rg3+ 51. Kb4 axb3 52. a4 h3 53. a5 Kh4 54. a6 Rg6 55. Kb5 Rg7 56. Kb6 b2 57. a7 Rg8 58. Kb7 Rg7+ 59. Kb6 Rg6+ 60. Kb7 Rg7+ 61. Kb6 Rg8 62. Kb7 Re8 63. a8=Q Rxa8 64. Kxa8 Kg3 65. Rb1 h2 66. Kb7 Kf3 67. Kc6 Ke3 68. Kc5 Kf3 69. Kd4 Kg2 70. Rxb2+ Kg1 1/2-1/2

[Event "Charlesbourg CC ch"]
[Site "Charlesbourg CAN"]
[Date "2007.04.16"]
[Round "3"]
[White "Fecteau, Martin"]
[Black "Caron, Sebastien"]
[Result "1-0"]
[WhiteElo "2038"]
[BlackElo "1918"]
[PlyCount "95"]
[GameId "2160767910701496"]
[EventDate "2007.04.02"]
[EventType "tourn"]
[EventRounds "5"]
[EventCountry "CAN"]

1. d4 Nf6 2. c4 g6 3. Nc3 Bg7 4. e4 d6 5. Nf3 O-O 6. Be2 Nbd7 7. O-O c6 8. h3 e5 9. Be3 a6 10. dxe5 dxe5 11. c5 Re8 12. Qc2 Nh5 13. Rfd1 Qe7 14. Na4 Nf4 15. Bf1 Ne6 16. Nd2 Nd4 17. Qc1 Bf8 18. b4 a5 19. a3 axb4 20. axb4 Nf6 21. Qb2 Nd7 22. Nb3 Nxb3 23. Qxb3 Nf6 24. Qc2 Be6 25. Nb6 Rxa1 26. Rxa1 Nd7 27. Nc4 Bxc4 28. Bxc4 Kh8 29. Qb3 f5 30. exf5 gxf5 31. Re1 Bg7 32. Qc2 e4 33. Qd2 Ne5 34. Be2 Rd8 35. Qc2 Nd3 36. Bxd3 Rxd3 37. Bf4 Bc3 38. Qxd3 Bxe1 39. Qd4+ Kg8 40. g3 e3 41. Bxe3 Qe4 42. Qd8+ Kf7 43. Qd7+ Kg6 44. Bd4 Bd2 45. Qg7+ Kh5 46. Qxh7+ Bh6 47. Qf7+ Kg5 48. Be3+ 1-0

[Event "Charlesbourg CC ch"]
[Site "Charlesbourg CAN"]
[Date "2007.04.16"]
[Round "3"]
[White "Lessard, Claude"]
[Black "Beaudoin, Stephane"]
[Result "1/2-1/2"]
[WhiteElo "1990"]
[BlackElo "2053"]
[PlyCount "26"]
[GameId "2160767910701497"]
[EventDate "2007.04.02"]
[EventType "tourn"]
[EventRounds "5"]
[EventCountry "CAN"]

1. e4 Nf6 2. Nc3 e5 3. Nf3 d6 4. d4 exd4 5. Nxd4 Be7 6. Bc4 O-O 7. Bb3 Na6 8. f3 c6 9. O-O Qc7 10. a4 Bd7 11. Be3 Rad8 12. Qe1 Bc8 13. Rd1 Rfe8 1/2-1/2

[Event "Charlesbourg CC ch"]
[Site "Charlesbourg CAN"]
[Date "2007.04.23"]
[Round "4"]
[White "Beaudoin, Stephane"]
[Black "Bourrassa, Samuel"]
[Result "1-0"]
[WhiteElo "2053"]
[BlackElo "2015"]
[PlyCount "89"]
[GameId "2160767910701498"]
[EventDate "2007.04.02"]
[EventType "tourn"]
[EventRounds "5"]
[EventCountry "CAN"]

1. e4 c5 2. Nf3 d6 3. d4 cxd4 4. Nxd4 Nf6 5. Nc3 g6 6. g3 Bg7 7. Bg2 O-O 8. O-O Nc6 9. Nxc6 bxc6 10. e5 dxe5 11. Bxc6 Rb8 12. Qxd8 Rxd8 13. Rd1 Be6 14. Ba4 e4 15. Bb3 Ng4 16. Bf4 Ne5 17. Nd5 Kf8 18. Ne3 Bd7 19. Rd5 Nf3+ 20. Kg2 e5 21. Rad1 Ke8 22. Nc4 exf4 23. Nd6+ Ke7 24. Nxf7 Kxf7 25. Rxd7+ Ke8 26. Bf7+ Kf8 27. Rxd8+ Rxd8 28. Rxd8+ Kxf7 29. Rd7+ Kg8 30. gxf4 Ne1+ 31. Kg3 Nxc2 32. Rxa7 Bxb2 33. Re7 Ba3 34. Rxe4 Nb4 35. Rc4 Nd5 36. Rd4 Nc3 37. Rd3 Bb2 38. Kf3 Kf7 39. Rd2 Ba3 40. Rd7+ Kg8 41. Ra7 Bd6 42. a4 Bc5 43. Ra8+ Kf7 44. a5 Ke7 45. Rc8 1-0

[Event "Charlesbourg CC ch"]
[Site "Charlesbourg CAN"]
[Date "2007.04.23"]
[Round "4"]
[White "Caron, Sebastien"]
[Black "Gago, Nelson"]
[Result "0-1"]
[WhiteElo "1918"]
[BlackElo "1977"]
[PlyCount "30"]
[GameId "2160767910701499"]
[EventDate "2007.04.02"]
[EventType "tourn"]
[EventRounds "5"]
[EventCountry "CAN"]

1. e4 e5 2. Nf3 d6 3. Bc4 Be7 4. h3 Nf6 5. Qe2 O-O 6. O-O c6 7. Bb3 d5 8. c3 a5 9. d3 Nbd7 10. Bg5 Nc5 11. Bc2 Ne6 12. Nbd2 Nh5 13. Bxe7 Qxe7 14. Kh2 Nef4 15. Qe1 Qd7 0-1

[Event "Charlesbourg CC ch"]
[Site "Charlesbourg CAN"]
[Date "2007.04.23"]
[Round "4"]
[White "Fecteau, Martin"]
[Black "Lessard, Claude"]
[Result "0-1"]
[WhiteElo "2038"]
[BlackElo "1990"]
[PlyCount "74"]
[GameId "2160767910701500"]
[EventDate "2007.04.02"]
[EventType "tourn"]
[EventRounds "5"]
[EventCountry "CAN"]

1. d4 Nf6 2. c4 g6 3. Nc3 Bg7 4. e4 d6 5. Nf3 O-O 6. Be2 e5 7. O-O Nc6 8. Be3 Ng4 9. Bg5 f6 10. Bh4 g5 11. Bg3 exd4 12. Nxd4 Nge5 13. Nf5 Bxf5 14. exf5 Ne7 15. f4 gxf4 16. Rxf4 Bh6 17. Rf1 c6 18. Kh1 Qc7 19. Ne4 Rad8 20. Qc2 b6 21. Bh4 Bg7 22. Ng3 Kh8 23. Nh5 d5 24. Nf4 d4 25. Ne6 Qd7 26. Nxf8 Rxf8 27. Qe4 c5 28. Rad1 N7c6 29. a3 Re8 30. Qb1 Qf7 31. Qc2 Rd8 32. b3 Qd7 33. Qe4 d3 34. Bh5 Qe7 35. Bf2 Qc7 36. Be3 Nd4 37. Bxd4 Rxd4 0-1

[Event "Charlesbourg CC ch"]
[Site "Charlesbourg CAN"]
[Date "2007.04.30"]
[Round "5"]
[White "Gago, Nelson"]
[Black "Beaudoin, Stephane"]
[Result "1-0"]
[WhiteElo "1977"]
[BlackElo "2053"]
[PlyCount "91"]
[GameId "2160767910701501"]
[EventDate "2007.04.02"]
[EventType "tourn"]
[EventRounds "5"]
[EventCountry "CAN"]

1. d4 Nf6 2. Nf3 g6 3. e3 Bg7 4. Be2 O-O 5. c4 d6 6. Nc3 Nbd7 7. O-O c6 8. b3 Qc7 9. Bb2 e5 10. dxe5 dxe5 11. Qc2 Re8 12. Rfd1 Nc5 13. b4 Bf5 14. Qc1 Ncd7 15. a4 Rad8 16. a5 e4 17. Nd2 Ne5 18. Nf1 Bg4 19. Qc2 Bxe2 20. Nxe2 Nd3 21. Bc3 Ng4 22. Bxg7 Kxg7 23. h3 Ngxf2 24. Rd2 Kg8 25. Rb1 Qe5 26. Neg3 f5 27. Rxf2 Nxf2 28. Qxf2 Qc3 29. Qa2 Qe5 30. Ne2 Kg7 31. Qa4 Re6 32. a6 b5 33. Qb3 Rd3 34. Qc2 g5 35. cxb5 cxb5 36. Nd4 Rxa6 37. Qc8 Rf6 38. Rc1 Rxd4 39. exd4 Qxd4+ 40. Kh1 e3 41. Ng3 Qb2 42. Nh5+ Kh6 43. Nxf6 e2 44. Qf8+ Kg6 45. Qe8+ Kxf6 46. Rc6+ 1-0

[Event "Charlesbourg Capablanca Memorial"]
[Site "Charlesbourg CAN"]
[Date "2007.01.08"]
[Round "1"]
[White "Bisson, Real"]
[Black "Vallieres, David"]
[Result "1-0"]
[WhiteElo "1675"]
[BlackElo "1844"]
[PlyCount "45"]
[GameId "2160767910739594"]
[EventDate "2007.01.01"]
[EventType "swiss"]
[EventRounds "5"]
[EventCountry "CAN"]
[SourceTitle "EXT 2008"]
[Source "ChessBase"]
[SourceDate "2007.11.25"]
[SourceVersion "1"]
[SourceVersionDate "2007.11.25"]
[SourceQuality "1"]

1. e4 c5 2. Nf3 d6 3. d4 cxd4 4. Nxd4 a6 5. Nc3 Nf6 6. Bg5 e6 7. f4 Be7 8. Qf3 Qc7 9. O-O-O b5 10. Bd3 Bb7 11. Rhe1 Nbd7 12. Qg3 b4 13. Na4 Nc5 14. Nxc5 dxc5 15. Bxf6 gxf6 16. Nxe6 fxe6 17. Bc4 Bc8 18. e5 Bd7 19. Qg7 Rf8 20. Qxh7 fxe5 21. Qg6+ Rf7 22. Qg8+ Bf8 23. Rxe5 1-0

[Event "Charlesbourg Capablanca Memorial"]
[Site "Charlesbourg CAN"]
[Date "2007.01.08"]
[Round "1"]
[White "Laflamme, Simon"]
[Black "Tremblay, Rejean"]
[Result "0-1"]
[WhiteElo "1946"]
[BlackElo "2253"]
[PlyCount "66"]
[GameId "2160767910739595"]
[EventDate "2007.01.01"]
[EventType "swiss"]
[EventRounds "5"]
[EventCountry "CAN"]

1. e4 c5 2. Nf3 d6 3. d4 cxd4 4. Nxd4 Nf6 5. Nc3 a6 6. Bg5 e6 7. Qe2 Be7 8. f4 h6 9. Bh4 Nxe4 10. Bxe7 Nxc3 11. Qc4 Kxe7 12. Qxc3 Re8 13. O-O-O Kf8 14. Rg1 Qf6 15. Qd2 e5 16. Nf3 Qxf4 17. Qxf4 exf4 18. Rxd6 Nc6 19. Nd4 Nxd4 20. Rxd4 Re1+ 21. Kd2 Rb1 22. Rxf4 Be6 23. Bc4 Rxg1 24. Bxe6 Rxg2+ 25. Kc3 Ke7 26. Bd5 Rc8+ 27. Kb3 Rg5 28. Rxf7+ Ke8 29. Rxb7 Rxd5 30. Rxg7 Rb5+ 31. Ka3 Rxc2 32. Rg6 Rbxb2 33. Rxh6 Rxh2 0-1

[Event "Charlesbourg Capablanca Memorial"]
[Site "Charlesbourg CAN"]
[Date "2007.01.15"]
[Round "2"]
[White "Tremblay, Rejean"]
[Black "Lessard, Claude"]
[Result "0-1"]
[WhiteElo "2253"]
[BlackElo "1970"]
[PlyCount "110"]
[GameId "2160767910739596"]
[EventDate "2007.01.01"]
[EventType "swiss"]
[EventRounds "5"]
[EventCountry "CAN"]

1. d4 Nf6 2. c4 e6 3. Nc3 d5 4. Bg5 Be7 5. Rc1 c6 6. e3 Nbd7 7. Nf3 O-O 8. Bd3 dxc4 9. Bxc4 b5 10. Bd3 Bb7 11. O-O a6 12. e4 c5 13. e5 Nd5 14. Ne4 Bxg5 15. Nexg5 g6 16. dxc5 Nxe5 17. Nxe5 Qxg5 18. Nf3 Qf6 19. c6 Bc8 20. Qb3 Nf4 21. Rfe1 Nxd3 22. Qxd3 Qxb2 23. Rc2 Qb4 24. Rd2 f6 25. Re4 Qc5 26. Rc2 Qe7 27. c7 Ra7 28. Qc3 Rf7 29. Rd4 Rxc7 30. Qd2 Rxc2 31. Qxc2 Bb7 32. Qd3 Bd5 33. a4 Qc5 34. h3 Kg7 35. axb5 axb5 36. Kh2 Bxf3 37. gxf3 e5 38. Rd7 Qxf2+ 39. Kh1 Rxd7 40. Qxd7+ Kh6 41. Qg4 f5 42. Qb4 Qxf3+ 43. Kh2 Qf4+ 44. Qxf4+ exf4 45. Kg2 g5 46. h4 g4 47. Kf2 Kh5 48. Kg2 Kxh4 49. Kh2 b4 50. Kg2 b3 51. Kh2 b2 52. Kg2 b1=Q 53. Kh2 Qe1 54. Kg2 f3+ 55. Kh2 g3# 0-1

[Event "Charlesbourg Capablanca Memorial"]
[Site "Charlesbourg CAN"]
[Date "2007.01.22"]
[Round "3"]
[White "Champetier, Serge"]
[Black "Tremblay, Rejean"]
[Result "0-1"]
[WhiteElo "2092"]
[BlackElo "2253"]
[PlyCount "42"]
[GameId "2160767910739597"]
[EventDate "2007.01.01"]
[EventType "swiss"]
[EventRounds "5"]
[EventCountry "CAN"]

1. e4 c5 2. Nc3 Nc6 3. f4 g6 4. Nf3 Bg7 5. Bb5 d6 6. Bxc6+ bxc6 7. O-O e6 8. d3 Rb8 9. Qe1 Ne7 10. f5 exf5 11. Qh4 h6 12. Kh1 Be6 13. Qg3 g5 14. Nh4 Be5 15. Qf3 gxh4 16. exf5 Nxf5 17. Qxc6+ Qd7 18. Qf3 Nd4 19. Qf2 h3 20. g3 Qc6+ 21. Kg1 Nxc2 0-1

[Event "Charlesbourg Capablanca Memorial"]
[Site "Charlesbourg CAN"]
[Date "2007.01.29"]
[Round "4"]
[White "Beaudoin, Stephane"]
[Black "Tremblay, Rejean"]
[Result "0-1"]
[WhiteElo "1995"]
[BlackElo "2253"]
[PlyCount "78"]
[GameId "2160767910739598"]
[EventDate "2007.01.01"]
[EventType "swiss"]
[EventRounds "5"]
[EventCountry "CAN"]
[SourceTitle "EXT 2008"]
[Source "ChessBase"]
[SourceDate "2007.11.25"]
[SourceVersion "1"]
[SourceVersionDate "2007.11.25"]
[SourceQuality "1"]

1. e4 c5 2. Nf3 d6 3. d4 cxd4 4. Nxd4 Nf6 5. Nc3 a6 6. Be3 e5 7. Nb3 Be6 8. Qd2 Nbd7 9. O-O-O b5 10. f3 Rc8 11. g4 Nb6 12. Bxb6 Qxb6 13. g5 b4 14. Na4 Qc6 15. gxf6 Qxa4 16. fxg7 Bxg7 17. Kb1 Bf8 18. Rg1 Qc6 19. Bd3 a5 20. Qe2 Rb8 21. f4 a4 22. Na5 Qc5 23. Nc4 exf4 24. Rgf1 Rc8 25. b3 a3 26. Rxf4 Bxc4 27. e5 Be6 28. exd6 Bxd6 29. Rc4 Qe5 30. Rxc8+ Bxc8 31. Bb5+ Ke7 32. Rd2 Qxe2 33. Rxe2+ Be6 34. c3 bxc3 35. Kc2 Rc8 36. Bc4 Bb4 37. Re4 Rb8 38. Bd3 Kf8 39. Rh4 Bxb3+ 0-1

[Event "Charlesbourg Capablanca Memorial"]
[Site "Charlesbourg CAN"]
[Date "2007.01.29"]
[Round "4"]
[White "Bourassa, Samuel"]
[Black "Caron, Caron"]
[Result "1-0"]
[WhiteElo "1971"]
[BlackElo "1898"]
[PlyCount "81"]
[GameId "2160767910739599"]
[EventDate "2007.01.01"]
[EventType "swiss"]
[EventRounds "5"]
[EventCountry "CAN"]

1. e4 e6 2. d4 d5 3. exd5 exd5 4. Bd3 Nf6 5. Bg5 Bd6 6. Nf3 Qe7+ 7. Be2 Nbd7 8. O-O h6 9. Bh4 g5 10. Bg3 Bxg3 11. hxg3 Nf8 12. Ne5 Be6 13. c4 N8d7 14. Nc3 c6 15. Qb3 Rb8 16. cxd5 Nxd5 17. Nxd5 Bxd5 18. Bc4 Bxc4 19. Nxc4 O-O 20. Rfe1 Qf6 21. Ne5 Nxe5 22. dxe5 Qe6 23. Qe3 b6 24. f4 f6 25. Qd3 Kg7 26. f5 Qe7 27. Qc3 Qc5+ 28. Qxc5 bxc5 29. e6 Rxb2 30. Red1 Rb7 31. Rd6 Rfb8 32. Rxc6 Rb1+ 33. Rxb1 Rxb1+ 34. Kf2 Rc1 35. Rc7+ Kg8 36. Rxa7 c4 37. Rc7 c3 38. a4 c2 39. g4 Ra1 40. Rxc2 Rxa4 41. Rc8+ 1-0

[Event "Charlesbourg Capablanca Memorial"]
[Site "Charlesbourg CAN"]
[Date "2007.01.29"]
[Round "4"]
[White "Gago, Nelson"]
[Black "Poliquin, Yvone"]
[Result "1-0"]
[WhiteElo "1898"]
[BlackElo "1911"]
[PlyCount "72"]
[GameId "2160767910739602"]
[EventDate "2007.01.01"]
[EventType "swiss"]
[EventRounds "5"]
[EventCountry "CAN"]
[SourceTitle "EXT 2008"]
[Source "ChessBase"]
[SourceDate "2007.11.25"]
[SourceVersion "1"]
[SourceVersionDate "2007.11.25"]
[SourceQuality "1"]

1. e4 c5 2. Nf3 d6 3. d4 cxd4 4. Nxd4 Nf6 5. Bd3 Nc6 6. Nxc6 bxc6 7. h3 e5 8. O-O Be7 9. b3 O-O 10. Bb2 Qc7 11. Nd2 Be6 12. Qe2 Nd7 13. c4 a5 14. Kh1 Bg5 15. Rfd1 a4 16. b4 Nb6 17. Nf3 Be7 18. a3 Nd7 19. Rac1 c5 20. b5 f5 21. exf5 Bxf5 22. Rc2 Bxd3 23. Qxd3 Rf7 24. Bc1 Raf8 25. Bg5 Rxf3 26. Qd5+ R3f7 27. Bxe7 Re8 28. Bxd6 Qc8 29. Kg1 Nf6 30. Qxc5 Qf5 31. Re2 Rd7 32. Rde1 Qd3 33. Bxe5 Rde7 34. Re3 Qc2 35. Bxf6 Rxe3 36. Rxe3 Qc1+ 1-0

[Event "Charlesbourg Capablanca Memorial"]
[Site "Charlesbourg CAN"]
[Date "2007.01.29"]
[Round "4"]
[White "Laflamme, Simon"]
[Black "Lessard, Claude"]
[Result "0-1"]
[WhiteElo "1946"]
[BlackElo "1970"]
[PlyCount "58"]
[GameId "2160767910747795"]
[EventDate "2007.01.01"]
[EventType "swiss"]
[EventRounds "5"]
[EventCountry "CAN"]
[SourceTitle "EXT 2008"]
[Source "ChessBase"]
[SourceDate "2007.11.25"]
[SourceVersion "1"]
[SourceVersionDate "2007.11.25"]
[SourceQuality "1"]

1. e4 c5 2. Nf3 d6 3. d4 cxd4 4. Nxd4 Nf6 5. Nc3 a6 6. Be2 e5 7. Nf5 Bxf5 8. exf5 Nc6 9. Bg5 Nd4 10. Bxf6 gxf6 11. O-O Rg8 12. Bf3 Rc8 13. Bxb7 Rb8 14. Bxa6 Rxb2 15. Rb1 Qa8 16. f3 Rxb1 17. Qxb1 Be7 18. Qb7 Qxb7 19. Bxb7 Nxc2 20. Nd5 Nd4 21. Kf2 Bd8 22. Rc1 Kf8 23. a4 Kg7 24. Nc7 Nb3 25. Rc3 Nc5 26. a5 Bxc7 27. a6 Bb6 28. Ra3 Nxb7+ 29. Ke2 Ba7 0-1

[Event "Charlesbourg Capablanca Memorial"]
[Site "Charlesbourg CAN"]
[Date "2007.02.05"]
[Round "5"]
[White "Arteau, Benoit"]
[Black "Bourassa, Samuel"]
[Result "0-1"]
[WhiteElo "1814"]
[BlackElo "1971"]
[PlyCount "64"]
[GameId "2160767910747796"]
[EventDate "2007.01.01"]
[EventType "swiss"]
[EventRounds "5"]
[EventCountry "CAN"]
[SourceTitle "EXT 2008"]
[Source "ChessBase"]
[SourceDate "2007.11.25"]
[SourceVersion "1"]
[SourceVersionDate "2007.11.25"]
[SourceQuality "1"]

1. Nc3 c5 2. Nf3 d5 3. d4 Nf6 4. Bf4 a6 5. e3 Bf5 6. Bd3 Bg4 7. O-O c4 8. Be2 e6 9. h3 Bh5 10. Ne5 Bg6 11. Bf3 Qb6 12. Rb1 Nbd7 13. Nxd7 Nxd7 14. e4 dxe4 15. Nxe4 Rd8 16. d5 Bxe4 17. Bxe4 f5 18. Bf3 e5 19. Bg5 Nf6 20. Re1 e4 21. Bxf6 Qxf6 22. c3 Bc5 23. Bh5+ g6 24. Be2 Qh4 25. Rf1 b5 26. a4 O-O 27. axb5 axb5 28. Ra1 f4 29. Bg4 h5 30. Be6+ Kg7 31. Ra6 f3 32. Qd2 Qg3 0-1

[Event "Charlesbourg Capablanca Memorial"]
[Site "Charlesbourg CAN"]
[Date "2007.02.05"]
[Round "5"]
[White "Caron, Sebastien"]
[Black "Gago, Nelson"]
[Result "0-1"]
[WhiteElo "1898"]
[BlackElo "1898"]
[PlyCount "108"]
[GameId "2160767910747797"]
[EventDate "2007.01.01"]
[EventType "swiss"]
[EventRounds "5"]
[EventCountry "CAN"]
[SourceTitle "EXT 2008"]
[Source "ChessBase"]
[SourceDate "2007.11.25"]
[SourceVersion "1"]
[SourceVersionDate "2007.11.25"]
[SourceQuality "1"]

1. e4 c5 2. Nf3 d6 3. d4 cxd4 4. Nxd4 Nf6 5. Nc3 a6 6. Bg5 e6 7. f4 Be7 8. Qf3 Qc7 9. O-O-O b5 10. Bd3 b4 11. Nce2 Bb7 12. Kb1 Nbd7 13. Ng3 Nb6 14. Nh5 Nxh5 15. Qxh5 Qd7 16. Rhe1 g6 17. Qh4 h6 18. Bf6 Qd8 19. e5 Bxf6 20. exf6 Nd5 21. f5 g5 22. Qg3 e5 23. Be4 Qb6 24. Qf3 g4 25. Qxg4 O-O-O 26. Qf3 Nxf6 27. Bxb7+ Qxb7 28. Qxb7+ Kxb7 29. Nb3 Rhg8 30. Rd2 Rg5 31. Nc5+ Kc6 32. Nd3 Rb8 33. h3 Rxf5 34. g4 Rf3 35. Rf2 Rxf2 36. Nxf2 Nd7 37. Rf1 d5 38. Nd3 f6 39. Rf5 a5 40. Rh5 Rh8 41. h4 Rg8 42. Rxh6 Rxg4 43. c3 bxc3 44. bxc3 e4 45. Nc1 Rg2 46. Nb3 e3 47. Nd4+ Kc5 48. Kc1 Kc4 49. h5 Kxc3 50. Rg6 Rf2 51. Nb5+ Kd3 52. Rg4 Rc2+ 53. Kb1 Rc4 54. Rg2 Rb4+ 0-1

[Event "Charlesbourg Capablanca Memorial"]
[Site "Charlesbourg CAN"]
[Date "2007.02.05"]
[Round "5"]
[White "Lessard, Claude"]
[Black "Beaudoin, Stephane"]
[Result "0-1"]
[WhiteElo "1970"]
[BlackElo "1995"]
[PlyCount "72"]
[GameId "2160767910747798"]
[EventDate "2007.01.01"]
[EventType "swiss"]
[EventRounds "5"]
[EventCountry "CAN"]
[SourceTitle "EXT 2008"]
[Source "ChessBase"]
[SourceDate "2007.11.25"]
[SourceVersion "1"]
[SourceVersionDate "2007.11.25"]
[SourceQuality "1"]

1. d4 Nf6 2. c4 d6 3. Nc3 g6 4. e4 Bg7 5. f3 O-O 6. Be3 Nbd7 7. Bd3 c5 8. d5 Ne5 9. Nge2 b5 10. Nxb5 Rb8 11. b3 Nxd3+ 12. Qxd3 Nxe4 13. fxe4 Bxa1 14. O-O Bg7 15. Nxa7 Bd7 16. a4 Qb6 17. Nb5 f5 18. exf5 Bxf5 19. Qd2 Bd7 20. Nf4 Ra8 21. h3 Qb7 22. Qe2 Rf7 23. Nd3 Rxf1+ 24. Kxf1 Bxb5 25. axb5 Qa7 26. Ne1 Qa1 27. Kg1 Ra2 28. Bd2 Qd4+ 29. Kf1 Kf8 30. Nf3 Qa1+ 31. Ne1 Qf6+ 32. Kg1 Qd4+ 33. Kh1 Qxd2 34. Qf3+ Kg8 35. Nd3 Be5 36. Qf1 Ra1 0-1

[Event "Charlesbourg Capablanca Memorial"]
[Site "Charlesbourg CAN"]
[Date "2007.02.05"]
[Round "5"]
[White "Tremblay, Rejean"]
[Black "Fecteau, Martin"]
[Result "1-0"]
[WhiteElo "2253"]
[BlackElo "2035"]
[PlyCount "67"]
[GameId "2160767910747799"]
[EventDate "2007.01.01"]
[EventType "swiss"]
[EventRounds "5"]
[EventCountry "CAN"]
[SourceTitle "EXT 2008"]
[Source "ChessBase"]
[SourceDate "2007.11.25"]
[SourceVersion "1"]
[SourceVersionDate "2007.11.25"]
[SourceQuality "1"]

1. e4 e6 2. d4 d5 3. Nd2 Nf6 4. e5 Nfd7 5. f4 c5 6. c3 Nc6 7. Ndf3 Qb6 8. g3 Be7 9. Kf2 O-O 10. Kg2 f6 11. Bd3 cxd4 12. cxd4 fxe5 13. fxe5 Nb4 14. Bb1 Rf7 15. Ne2 Nf8 16. Nf4 Bd7 17. h4 Rc8 18. a3 Nc6 19. Ra2 Na5 20. b4 Nc4 21. Ng5 Bxg5 22. hxg5 g6 23. Nh3 Be8 24. Nf2 Rfc7 25. Ng4 Kg7 26. Rf2 Rf7 27. Rxf7+ Bxf7 28. Qf3 Qd8 29. Qf6+ Qxf6 30. gxf6+ Kh8 31. Bh6 Kg8 32. Bg7 h5 33. Rxh5 Ne3+ 34. Kf3 1-0

[Event "Charlesbourg Festival 1"]
[Site "Charlesbourg CAN"]
[Date "2007.06.18"]
[Round "1"]
[White "Boulianne, Gabriel"]
[Black "Lapierre, Gaetan"]
[Result "0-1"]
[WhiteElo "1535"]
[BlackElo "1894"]
[PlyCount "70"]
[GameId "2160767910667702"]
[EventDate "2007.06.18"]
[EventType "swiss"]
[EventRounds "5"]
[EventCountry "CAN"]
[SourceTitle "EXT 2022"]
[Source "ChessBase"]
[SourceDate "2021.10.06"]
[SourceVersion "1"]
[SourceVersionDate "2021.10.06"]
[SourceQuality "1"]

1. d4 Nf6 2. c4 g6 3. Nc3 Bg7 4. e4 d6 5. f4 O-O 6. Nf3 c5 7. d5 Na6 8. Be2 Nc7 9. O-O a6 10. a4 b6 11. Ng5 Nd7 12. Rf3 h6 13. Nh3 f5 14. exf5 gxf5 15. Rg3 Nf6 16. Bd3 e6 17. Bd2 exd5 18. cxd5 Rb8 19. Qf3 Qd7 20. Re1 Qf7 21. Qe2 Re8 22. Re3 Rxe3 23. Qxe3 b5 24. axb5 axb5 25. Qe2 c4 26. Bc2 Ncxd5 27. Nxd5 Nxd5 28. Qe8+ Qxe8 29. Rxe8+ Kf7 30. Rd8 Ke7 31. Rg8 Bd4+ 32. Kh1 Ra8 33. g3 Ra1+ 34. Kg2 Bb7 35. Rg7+ Bxg7 0-1